Estado actual de la educación secundaria en la América Latina. (Record no. 51340)

MARC details
000 -LEADER
fixed length control field 00835cam a22002411 4500
001 - CONTROL NUMBER
control field pa 57000018
003 - CONTROL NUMBER IDENTIFIER
control field DLC
005 - DATE AND TIME OF LATEST TRANSACTION
control field 20260227111854.0
008 - FIXED-LENGTH DATA ELEMENTS--GENERAL INFORMATION
fixed length control field 820825s1957 dcu 000 0 spa c
010 ## - LIBRARY OF CONGRESS CONTROL NUMBER
LC control number pa 57000018
035 ## - SYSTEM CONTROL NUMBER
System control number (OCoLC)8720037
040 ## - CATALOGING SOURCE
Original cataloging agency Pan American Union
Transcribing agency OU
Modifying agency DLC
042 ## - AUTHENTICATION CODE
Authentication code premarc
050 00 - LIBRARY OF CONGRESS CALL NUMBER
Classification number LA542
Item number .P32 1957
110 2# - MAIN ENTRY--CORPORATE NAME
Corporate name or jurisdiction name as entry element Pan American Union.
Subordinate unit Division of Education.
245 10 - TITLE STATEMENT
Title Estado actual de la educación secundaria en la América Latina.
Statement of responsibility, etc. [Preparada por Pedro A. Cebollero, jefe, y Bernice Matlowsky, especialista, Sección de Educación Secundaria]
250 ## - EDITION STATEMENT
Edition statement 2. ed., rev. y aumentada.
260 ## - PUBLICATION, DISTRIBUTION, ETC.
Place of publication, distribution, etc. Washington,
Date of publication, distribution, etc. 1957.
300 ## - PHYSICAL DESCRIPTION
Extent ix, 206 p.
Other physical details tables.
Dimensions 28 cm.
504 ## - BIBLIOGRAPHY, ETC. NOTE
Bibliography, etc. note Bibliography: p. 196-206.
650 #0 - SUBJECT ADDED ENTRY--TOPICAL TERM
Topical term or geographic name entry element Education, Secondary.
650 #0 - SUBJECT ADDED ENTRY--TOPICAL TERM
Topical term or geographic name entry element Education
Geographic subdivision Latin America.

No items available.

Powered by Koha